ბათუმის შოთა რუსთაველის სახელმწიფო უნივერსიტეტის ბიბლიოთეკა

Основы археологии : (ბიბ.ჩანაწერი № 60878)

000 -LEADER
fixed length control field 00650nam a22001697a 4500
005 - DATE AND TIME OF LATEST TRANSACTION
control field 20231114094914.0
008 - FIXED-LENGTH DATA ELEMENTS--GENERAL INFORMATION
fixed length control field 231114s1976 ru ||||| |||| 00| 0 rus d
041 ## - LANGUAGE CODE
Language code of text/sound track or separate title rus
080 ## - UNIVERSAL DECIMAL CLASSIFICATION NUMBER
Universal Decimal Classification number 902(076) A-18
100 ## - MAIN ENTRY--PERSONAL NAME
Personal name Авдусин, Д. A.
9 (RLIN) 20366
245 ## - TITLE STATEMENT
Title Основы археологии :
Remainder of title Методические указания /
Statement of responsibility, etc. Д.А. Авдусин.
264 ## - PRODUCTION, PUBLICATION, DISTRIBUTION, MANUFACTURE, AND COPYRIGHT NOTICE
Place of production, publication, distribution, manufacture М.:
Name of producer, publisher, distributor, manufacturer Изд-во московского университета,
Date of production, publication, distribution, manufacture, or copyright notice 1976.
300 ## - PHYSICAL DESCRIPTION
Extent 86 стр.;
Other physical details 20 см.
653 ## - INDEX TERM--UNCONTROLLED
keyword არქეოლოგიის საფუძვლები
653 ## - INDEX TERM--UNCONTROLLED
keyword არქეოლოგია
942 ## - ADDED ENTRY ELEMENTS (KOHA)
Source of classification or shelving scheme
Koha item type წიგნი
ეგზემპლარები
Withdrawn status Lost status Source of classification or shelving scheme Damaged status Not for loan Permanent Location Current Location Shelving location Date acquired Cost, normal purchase price Full call number Barcode Date last seen Copy number Uniform Resource Identifier Price effective from Koha item type Public note
          ბათუმის შოთა რუსთაველის სახელმწიფო უნივერსიტეტის მთავარი ბიბლიოთეკა ბათუმის შოთა რუსთაველის სახელმწიფო უნივერსიტეტის მთავარი ბიბლიოთეკა წიგნსაცავი 2023-11-14 5.00 902(076) A-18 65442 2023-11-14 65442 ბსუ-ს საპატიო დოქტორის გურამ ლორთქიფანიძის საჩუქარი 2023-11-14 წიგნი 5 ლ.